Statistiques concernant Région du Monde par pays (Aléatoire)

Cliquez ici pour prendre le quiz!

Statistiques générales

  • Ce quiz a été pris 1 131 fois
  • Le résultat moyen est 11 sur 20

Statistiques - réponses

HintRéponse% Correct
TasmanieAustralie
100%
FlandreBelgique
100%
OntarioCanada
100%
QuébecCanada
100%
AndalousieEspagne
100%
FlorideÉtats-Unis
100%
OhioÉtats-Unis
100%
OccitanieFrance
100%
NormandieFrance
100%
CorseFrance
100%
GuyaneFrance
100%
CrèteGrèce
100%
PendjabInde/Pakistan
100%
PiémontItalie
100%
KantoJapon
100%
ChihuahuaMexique
100%
ØstlandNorvège
100%
SibérieRussie
100%
Colombie-BrittaniqueCanada
91%
Mongolie-IntérieureChine
89%
TransylvanieRoumanie
88%
WallonieBelgique
86%
BavièreAllemagne
83%
SardaigneItalie
83%
SicileItalie
83%
KyushuJapon
83%
BretagneFrance
82%
QueenslandAustralie
80%
SichuanChine
80%
Sinaï-NordÉgypte
80%
NavarreEspagne
80%
TexasÉtats-Unis
80%
Jammu-et-CachemireInde
80%
YucatánMexique
80%
XinjiangChine
75%
ThessalieGrèce
75%
RajasthanInde
75%
MunsterIrlande
75%
ToscaneItalie
75%
HokkaidoJapon
75%
AçoresPortugal
75%
TchétchénieRussie
75%
LeinsterIrlande
71%
SaxeAllemagne
67%
AlbertaCanada
67%
TibetChine
67%
GuantánamoCuba
67%
PennsylvanieÉtats-Unis
67%
CalifornieÉtats-Unis
67%
LaponieFinlande
67%
BaliIndonésie
67%
CalabreItalie
67%
MadèrePortugal
67%
Yorkshire-et-HumberRoyaume-Uni
67%
KilimandjaroTanzanie
67%
Rio NegroArgentine
60%
StyrieAutriche
60%
PélopponèseGrèce
60%
Anatolie CentraleTurquie
60%
KwaZulu NatalAfrique du Sud
57%
SjællandDanemark
57%
AragonEspagne
57%
KansaiJapon
57%
Jutland du NordDanemark
56%
Nouvelle-Galles-du-SudAustralie
50%
Espirito SantoBrésil
50%
BahiaBrésil
50%
GangwonCorée du Sud
50%
GalápagosÉquateur
50%
CatalogneEspagne
50%
OkinawaJapon
50%
Baja CaliforniaMexique
50%
VeracruzMexique
50%
Azad CachemirePakistan
50%
BaloutchistanPakistan
50%
OverijsselPays-Bas
50%
Midlands de l'EstRoyaume-Uni
50%
Darfour du NordSoudan
50%
État de KanoNigeria
44%
Darfour du SudSoudan
44%
Sinaï-SudÉgypte
43%
CornouaillesRoyaume-Uni
43%
Minas GeraisBrésil
40%
Al-AnbârIrak
40%
ZélandePays-Bas
40%
Bohême-du-SudRépublique tchèque
40%
BoyacáColombie
38%
Anatolie orientaleTurquie
38%
Rhénanie-du-Nord-WestphalieAllemagne
33%
PernamboucBrésil
33%
SaskatchewanCanada
33%
Région de ValparaísoChili
33%
JejuCorée du Sud
33%
GaliceEspagne
33%
Région de la VoltaGhana
33%
MalaccaMalaisie
33%
UcayaliPérou
33%
Préfecture de TiranëAlbanie
29%
Khorassan-e RazaviIran
29%
Oued ed Dahab-LagouiraMaroc
29%
Sud-KivuR.D. Congo
25%
Comté de NorrbottenSuède
25%
MarmaraTurquie
25%
HöfuõborgarsvæsõiõIslande
20%
SarawakMalaisie
20%
Nord-KivuR.D. Congo
20%
SouthlandNouvelle-Zélande
18%
Province de HelmandAfghanistan
17%
Ach-CharqiyaArabie Saoudite
17%
La PampaArgentine
17%
District d'Orange WalkBelize
17%
KangwonCorée du Nord
17%
Isla de la JuventudCuba
17%
LombardieItalie
17%
KuneneNamibie
17%
VoïvodineSerbie
17%
North AndrosBahamas
14%
Comitat d'IstrieCroatie
14%
KaragandiKazakhstan
14%
DevonRoyaume-Uni
14%
QuezonPhilippines
13%
CarinthieAutriche
10%
SelengeMongolie
10%
AgadezNiger
10%
Province de HératAfghanistan
0%
Cap-NordAfrique du Sud
0%
Wilaya de TimanrassetAlgérie
0%
Kwando-KuwandoAngola
0%
AraratArménie
0%
AragatsotnArménie
0%
État ShanBirmanie
0%
Province de MakambaBurundi
0%
Bas-SassandraCôte d'Ivoire
0%
Comitat de Split-DalmatieCroatie
0%
SomaliÉthiopie
0%
BabilIrak
0%
KermanIran
0%
ManderatKenya
0%
SabahMalaisie
0%
KidalMali
0%
ZambézieMozambique
0%
WaikatoNouvelle-Zélande
0%
NorthlandNouvelle-Zélande
0%
LoretoPérou
0%
MazoviePologne
0%
TanganyikaR.D. Congo
0%
ArgovieSuisse
0%
OuaddaïTchad
0%
CopperbeltZambie
0%
ManicalandZimbabwe
0%

Distribution des résultats

Percentile par nombre de réponses

% des personnes avec chaque résultat

Votre développement - résultats

Vous n’avez pas pris ce quiz